Statistics for Liga 2016-17 - Day 1 Scorers

Click here to take the quiz!

General Stats

  • This quiz has been taken 16 times
  • The average score is 7 of 32

Answer Stats

Club Player % Correct
FC BarcelonaLionel Messi
100%
Real MadridGareth Bale
100%
FC BarcelonaLuis Suarez
100%
FC BarcelonaArda Turan
60%
Deportivo La CorunaLucas Perez
40%
Atletico MadridKévin Gameiro
40%
EspanyolHernán Pérez
40%
OsasunaFrancisco Mérida
40%
Sevilla FCW. Ben Yedder
40%
Sevilla FCFranco Vazquez
20%
Real MadridMarco Asensio
20%
Sevilla FCHiroshi Kiyotake
20%
EspanyolPablo Piatti
20%
Sevilla FCLuciano Vietto
20%
ValenciaSanti Mina
20%
Real BetisRuben Castro
20%
AlavèsManuel Garcia
0%
Athletic BilbaoBorja Viguera
0%
Las PalmasMarko Livaja
0%
Las PalmasJonathan Viera
0%
LeganesVictor Diaz
0%
MalagaJuanpi Anor
0%
SportingVictor Rodriguez
0%
SportingDuje Čop
0%
EspanyolGerard Moreno
0%
EspanyolVíctor Sánchez
0%
Sevilla FCPablo Sarabia
0%
VillarrealSamu Castillejo
0%
GranadaEzequiel Ponce
0%
EibarIván Ramis
0%
Deportivo La CorunaPedro Mosquera
0%
Las PalmasKevin-Prince Boateng
0%

Score Distribution

Percentile by Number Answered

Percent of People with Each Score

Your Score History

You have not taken this quiz